000 00234nam a2200097Ia 4500
008 120527s9999 xx 000 0 und d
100 _aFRANENKEL, Peter
245 _aWindpumps A guide for develop workers
260 _bI.T
942 _cBK
999 _c25129
_d25129